Every F5 U.S. Tornado (1925-1950) - Statistics

General Stats
  • This quiz has been taken 23 times
  • The average score is 2 of 15
Answer Stats
EF/F Day Month Year Tornado Name State % Correct
F5 18th March 1925 Tri State Tornado MissouriIllinois Indiana
100%
F5 5th April 1936 Tupelo Mississippi
28%
F5 12th April 1945 Antlers Oklahoma
17%
F5 12th April 1927 Rocksprings-Leakey Texas
17%
F5 10th April 1929 Sneed Arkansas
11%
F5 10th June 1938 Abilene-Clyde Texas
6%
F5 7th May 1927 Aetna-McPherson Kansas
6%
F5 31st May 1947 Leedey Oklahoma
6%
F5 29th April 1942 Oberlin Kansas
6%
F5 26th April 1938 Oshkosh Nebraska
6%
F5 17th June 1944 Wilmot North DakotaMinnesota
6%
F5 16th March 1942 Henry-Kickapoo Illinois
0%
F5 14th April 1939 Kiowa-Vici KansasOklahoma
0%
F5 9th April 1947 Pampa-Cunningham TexasOklahoma Kansas
0%
F5 22nd May 1933 Tryon Nebraska
0%
No matching quizzes found
Score Distribution
Percent of People with Each Score
Percentile by Number Answered
Your Score History
You have not taken this quiz